अनहद (Record no. 3028)
[ view plain ]
| 000 -LEADER | |
|---|---|
| fixed length control field | 00920nam a22002177a 4500 |
| 005 - DATE AND TIME OF LATEST TRANSACTION | |
| control field | 20181022160505.0 |
| 008 - FIXED-LENGTH DATA ELEMENTS--GENERAL INFORMATION | |
| fixed length control field | 181022b ||||| |||| 00| 0 eng d |
| 010 ## - LCCN (DPL NO) | |
| LC control number | B-243159 |
| 020 ## - INTERNATIONAL STANDARD BOOK NUMBER | |
| Terms of availability | 175.00 |
| International Standard Book Number | 8126312955 |
| 035 ## - SYSTEM CONTROL NUMBER | |
| System control number | B-243159 |
| 037 ## - SOURCE OF ACQUISITION | |
| Source of stock number/acquisition | BPPD/PUB |
| 082 ## - DEWEY DECIMAL CLASSIFICATION NUMBER | |
| Classification number | 808.84 |
| 100 ## - MAIN ENTRY--PERSONAL NAME | |
| Personal name | वाजपेयी, कैलाश |
| 245 ## - TITLE STATEMENT | |
| Title | अनहद |
| Statement of responsibility, etc | कैलाश वाजपेयी |
| 246 ## - VARYING FORM OF TITLE | |
| Title proper/short title | Anhad |
| Remainder of title | by Kailash Vajpai |
| 260 ## - PUBLICATION, DISTRIBUTION, ETC. (IMPRINT) | |
| Place of publication, distribution, etc | नई दिल्ली |
| Name of publisher, distributor, etc | भारतीय ज्ञानपीठ |
| Date of publication, distribution, etc | 2006 |
| 270 ## - ADDRESS | |
| Address | 18,इंस्टीट्यूशनल एरिया, लोदी रोड |
| City | नई दिल्ली |
| Postal code | 110003 |
| 300 ## - PHYSICAL DESCRIPTION | |
| Extent | 221पृ |
| Dimensions | 22 सेमी (सजिल्द) |
| 490 ## - SERIES STATEMENT | |
| Series statement | (लोकोदय ग्रंथमालाःग्रंथांक 874) |
| 942 ## - ADDED ENTRY ELEMENTS (KOHA) | |
| Institution code [OBSOLETE] | dpl |
| Item type | Hindi Books |
| Call number prefix | 808.84 / वाजपे |
| Source of classification or shelving scheme | Dewey Decimal Classification |
| Classification part | 808.84 |
| Call number suffix | वाजपे |
| Withdrawn status | Lost status | Source of classification or shelving scheme | Damaged status | Not for loan | Home library | Current library | Date acquired | Cost, normal purchase price | Total Checkouts | Full call number | Barcode | Date last seen | Copy number | Cost, replacement price | Koha item type | Collection code | Source of acquisition |
|---|---|---|---|---|---|---|---|---|---|---|---|---|---|---|---|---|---|
| Dewey Decimal Classification | D.B.Act.Division | D.B.Act.Division | 11/09/2008 | 175.00 | 808.84 वाà¤à¤ªà¥ | HN-51932 | 15/09/2008 | 1 | 175.00 | Hindi Books | |||||||
| Dewey Decimal Classification | Shahdara Branch | Shahdara Branch | 22/10/2018 | 175.00 | 808.84 वाजपे | B-243159 | 22/10/2018 | 175.00 | Hindi Books | Non-fiction | BPPD/PUB | ||||||
| Dewey Decimal Classification | Vinoba Puri | Vinoba Puri | 29/09/2008 | 175.00 | 1 | 808.84 वाजपे | B-284114 | 30/11/2018 | 1 | 175.00 | Hindi Books | Non-fiction | |||||
| Dewey Decimal Classification | Vinoba Puri | Vinoba Puri | 12/03/2009 | 175.00 | 2 | 808.84 वाजपे | B-317899 | 30/10/2012 | 1 | 175.00 | Hindi Books | Non-fiction | dbad / dup |
